000 00580nam a2200217Ia 4500
005 20230807115322.0
008 131103s9999 xx 000 0 und d
040 _aLoreto College
041 _aEnglish
082 _a909
_bZEB
100 _aZebel,Sydney
245 _aPast to present
_b a world history
_cSydney H.Zebel [and] Sidney Schwartz
260 _aNew York
_bThe Macmillan Co.
_c1960
300 _axi,708 p.
_b ill.,maps
504 _aIncludes index
650 _aHistory
651 _aWorld History
700 _aSchwartz,Sidney
850 _aLCLIB
942 _cBK
999 _c3183
_d53662